|
|
|
|
| LEADER |
00905nam a22002412a 4500 |
| 001 |
000666940 |
| 003 |
CZ BrMZK |
| 005 |
20030423070900.0 |
| 007 |
ta |
| 008 |
030418s1940 xr f cze d |
| 015 |
|
|
|a cnb000807456
|
| 035 |
|
|
|a (OCoLC)31121644
|
| 040 |
|
|
|a ABA001
|b cze
|c LIA001
|d ABA001
|d BOA001
|
| 100 |
1 |
|
|a Neff, Vladimír,
|d 1909-1983
|7 jk01082908
|4 aut
|
| 245 |
1 |
0 |
|a Před pultem a za pultem /
|c Vladimír Neff ; obrázky [a obálku] kreslil Jos. Lada
|
| 260 |
|
|
|a V Praze :
|b Alois Srdce,
|c 1940
|
| 300 |
|
|
|a 164, [III] s. ;
|c 8°
|
| 490 |
1 |
|
|a Srdcovy knihy dobré nálady ;
|v sv. 25
|
| 830 |
|
0 |
|a Srdcovy knihy dobré nálady
|0 s
|
| 910 |
|
|
|a BOA001
|b 1-0142.829,25
|
| 990 |
|
|
|a BK
|
| 996 |
7 |
|
|b 2619307318
|c 1-0142.829,25
|l MZK
|r Sklad / do 1 hodiny
|n 7
|w 000666940
|u 000010
|a 1
|e BOA001
|j MZK50
|s A
|
| 996 |
6 |
|
|b 2619475140
|c 1-0142.829,25
|l MZK
|r Sklad / do 1 hodiny
|n 0
|w 000666940
|u 000020
|a 1
|e BOA001
|j MZK50
|s P
|